Training the New Supervisor

Gespeichert in:
Bibliographische Detailangaben
1. Verfasser: Cardner, James E.
Format: Buch
Sprache:Englisch
Veröffentlicht: New York AMACOM 1980
Ausgabe:1. ed.
Tags: Tag hinzufügen
Keine Tags, Fügen Sie das erste Tag hinzu!

MARC

LEADER 00000nam a2200000 4500
001 c027581
005 20250717072122.1
041 0 |a eng 
044 |a US 
245 1 0 |a Training the New Supervisor  |c James E. Cardner 
250 |a 1. ed. 
264 1 |a New York  |b AMACOM  |c 1980 
300 |a 192 s. 
100 1 |a Cardner, James E.